| LEADER | 00626cam a2200169 7i4500 | ||
|---|---|---|---|
| 001 | 0000021189 | ||
| 005 | 20211227090000.0 | ||
| 020 | # | # | |a 967-70-1110-3 |
| 090 | 0 | 0 | |a T 382.7 |b MAL (M) |
| 245 | 0 | 0 | |a The Malaysian trade classification and customs duties order : |b this order comes into operation on 1 April 2008. |
| 260 | 0 | 0 | |a Kuala Lumpur: |b MOC Publishers, |c 2008. |
| 300 | # | # | |a 831 p. |
| 650 | 0 | 0 | |a Tariff -- |z Malaysia |
| 651 | 0 | 0 | |a Malaysia |
| 999 | |a SRW000170B |b Book |c Tariffs |e MATRADE Sarawak | ||
| 999 | |a PNG000755B |b Book |c Tariffs |e MATRADE Northern Regional Office | ||
| 999 | |a JHR000057B |b Book |c Tariffs |e MATRADE Southern Regional Office | ||


